000 01350nam a2200241 a 4500
999 _c1710
_d1710
003 AR-BaISA
005 20241106181449.0
006 aado fr|||| 000 0
007 ta
008 241106s2004 ag ado|f |||| 000 0 spa d
020 _a2915818029
020 _a8401655 (Obra Completa)
040 _bspa
_cAR-BaISA
082 0 4 _222
_a616.722 3 Ex71
245 _aOsteartrosis:
_bpreguntas y respuestas
260 _a[París]:
_bExpascience,
_c2004
300 _a27 p.:
_bil., graf., tablas. fotos
500 _aContiene un señalador integrado al final de la obra.
505 _tOsteartrosis: enfermedad de las articulaciones con características individuales --
_tLas "trampas" radiológicas latentes --
_tEl concepto de osteoartrosis primaria --
_tCuando no existen signos radiológicos, ¿no hay osteoartrosis? --
_tDiagnóstico precoz de osteoartrosis --
_tTopografía de la osteoartrosis --
_tEpidemiología --
_tDisparidades radio-clínicas --
_tLa etiología del dolor --
_tDerrame sinovial y sinovitis --
_tLas evoluciones radiológicas y clínicas --
_tPronóstico de evolución --
_tEtiología --
_tPatogenia de la fractura por fatiga hasta los factores de crecimiento
650 1 4 _93541
_aOsteoartrosis
942 _2ddc
_cLI
_e22
773 0 _01709
_93285
_a
_b
_d[París]: Expascience, 2004
_o5328
_tOsteoartrosis
_w
_x
_z8401655 (Obra Completa)